00270nam a2200121Ia 4500008004100000100001300041245002700054260002200081300000900103650001200112942000700124999001700131190216s9999||||xx |||||||||||||| ||und|| aJain.S.K 0aSolve Your Tv Problems bNew Heightsc1985 a218p aPhysics cBK c33064d33064